|
|
|
|
| LEADER |
00000nam a22000007a 4500 |
| 005 |
20180424230357.0 |
| 007 |
cr|||| |||| |
| 008 |
180424s2016 br |||||s|||| 00||0 por d |
| 020 |
|
|
|a 978-85-63265-66-1
|
| 035 |
|
|
|a 21477
|
| 040 |
|
|
|a vLex
|
| 090 |
|
|
|c 7819
|d 7819
|
| 100 |
1 |
|
|a de Castro Fontainha, Fernando
|
| 245 |
1 |
0 |
|a Histr̤ia Oral do Supremo [1988-2013]
|h [Recurso electrn̤ico] :
|b Moreira Alves /
|c Fernando de Castro Fontainha, Fb̀io Ferraz de Almeida, Christiane Jalles de Paula
|n Vol. 13
|
| 256 |
|
|
|a Servicio en ln̕ea
|
| 260 |
|
|
|a Rio de Janeiro:
|b FGV - Direito Rio,
|c 2016
|
| 300 |
|
|
|a 1 recurso electrn̤ico
|
| 490 |
|
0 |
|a FGV - Direito Rio. Coleȯ̂ Histr̤ia Oral do STF [1988-2013]
|
| 506 |
1 |
|
|a Disponible solo en los productos indicados
|d vLex Global
|d vLex Global (Academic Edition, excluding Law Schools)
|d vLex Global (U.S. Academic Edition, Law Schools)
|d vLex Global (U.S. Academic Edition, excluding Law Schools)
|d vLex Global (Academic Edition, Law Schools)
|
| 650 |
0 |
4 |
|a Derecho Civil
|z Brasil
|
| 650 |
0 |
4 |
|a Derecho Mercantil y de la Empresa
|z Brasil
|
| 650 |
0 |
4 |
|a Derecho Constitucional
|z Brasil
|
| 700 |
1 |
|
|a Ferraz de Almeida, Fb̀io
|
| 700 |
1 |
|
|a Jalles de Paula, Christiane
|
| 740 |
0 |
|
|a vLex Libros (Servicio en ln̕ea)
|
| 856 |
4 |
0 |
|u http://vlex.com/source/historia-oral-do-supremo-1988-2013-moreira-alves-vol-13-21477
|z Acceso restringido
|
| 942 |
|
|
|c BOOK
|
| 999 |
0 |
|
|a Civil Law
|
| 999 |
0 |
|
|a Business and Company Law
|
| 999 |
0 |
|
|a Constitutional Law
|